Declaraciones de rentas, año tributario 2012

Gardado en:
Detalles Bibliográficos
Main Authors: Contreras Urzúa, Hugo (Author), González Silva, Leonel (Author)
Formato: Libro
Idioma:Lingua castelá
Publicado: Santiago CEPET 2012
Edición:1a. ed
Subjects:
Tags: Engadir etiqueta
Sen Etiquetas, Sexa o primeiro en etiquetar este rexistro!

MARC

LEADER 00000cam a2200000 a 4500
001 UCF0055
003 CL-VaPUC
008 120427e20120000CL |||||||||||||||||spa|d
020 |a 9789567583515 
082 0 4 |a 343.04  |b CON  |2 21 
100 0 |a Contreras Urzúa, Hugo  |e author  |9 561870 
700 0 |a González Silva, Leonel  |e author  |9 561871 
245 1 0 |a Declaraciones de rentas, año tributario 2012 
250 |a 1a. ed 
300 |a 737 
942 |c BK 
945 |d 20120427 00:00:00  |a cmena 
260 |a Santiago  |b CEPET  |c 2012 
500 |a Texto actualizaado de la Ley de Impuesto a la renta 
500 |a Instrucciones para llenar cada línea y sección del Formulario 22 
500 |a Determinación del FUT y desarrollo de ejercicios prácticos 
650 0 |a Derecho tributario  |9 258895 
650 0 |a Impuesto a la renta  |9 258171 
650 0 |a Impuestos  |9 255450 
650 0 |a Ley de renta  |9 393051 
650 0 |a Obligaciones tributarias  |9 383518 
583 |a last modification  |c 20120904 05:04:29  |k Rodrigo Vera 
999 |c 347561  |d 347559 
952 |0 0  |1 0  |4 0  |6 343_040000000000000_CON_2012  |7 0  |8 A  |9 448983  |a BIBGIM  |b BIBGIM  |d 2019-11-22  |i 4862392  |o 343.04 CON 2012  |p 4862392  |r 2025-01-15  |w 2019-11-22  |y BK  |k COM